[Event "4NCL Online Division 4"]
[Site "online"]
[Date "2020.05.05"]
[Round "5.62"]
[White "Phillips, William"]
[Black "Foreman, Anthony"]
[Result "1/2-1/2"]
[WhiteElo "1870"]
[BlackElo "1532"]
[PlyCount "105"]
[EventDate "2020.05.05"]
[WhiteTeam "Hatch End A"]
[BlackTeam "Catford Cosmonauts 3"]

1. d4 d5 2. Nf3 Bg4 3. e3 e6 4. Be2 c5 5. O-O Nc6 6. c3 Nf6 7. Nbd2 Qc7 8. Re1
cxd4 9. exd4 Bd6 10. Nf1 O-O 11. h3 Bh5 12. Bg5 Ne4 13. Bh4 Ne7 14. N3d2 Bg6
15. Nxe4 Bxe4 16. Bg3 Nf5 17. Bxd6 Nxd6 18. Ng3 Bg6 19. Bd3 Bxd3 20. Qxd3 b5
21. Qe3 Nc4 22. Qc1 Rac8 23. Nh5 Qe7 24. Nf4 Qc7 25. Nd3 a6 26. Re2 h6 27. Qf4
a5 28. Qxc7 Rxc7 29. f4 Nd6 30. Nc5 Re8 31. a4 Ra7 32. axb5 Nxb5 33. f5 Nc7 34.
fxe6 Nxe6 35. b4 a4 36. Rxa4 Rae7 37. Nxe6 fxe6 38. Ra5 Rc7 39. Rc5 Rxc5 40.
bxc5 Kf7 41. Rb2 Rc8 42. Kf2 g5 43. Ke3 Kf6 44. Rb6 Kf5 45. g4+ Kf6 46. Kd3 Kf7
47. c4 dxc4+ 48. Kxc4 Rc7 49. d5 exd5+ 50. Kxd5 Ke7 51. Rxh6 Kd8 52. Rh8+ Kd7
53. Rh7+ {Wrong colour; captains agreed drawn.} 1/2-1/2

[Event "4NCL Online Division 4"]
[Site "online"]
[Date "2020.05.05"]
[Round "5.63"]
[White "Hayali, Laith"]
[Black "McGill, Brendan"]
[Result "1-0"]
[WhiteElo "1757"]
[BlackElo "1442"]
[PlyCount "103"]
[EventDate "2020.05.05"]
[WhiteTeam "Hatch End A"]
[BlackTeam "Catford Cosmonauts 3"]

1. e4 d6 2. d4 Nf6 3. f3 g6 4. Nc3 Bg7 5. Be3 O-O 6. Qd2 b6 7. O-O-O Bb7 8. g4
Nbd7 9. Nge2 c5 10. h4 a6 11. h5 cxd4 12. Nxd4 Ne5 13. hxg6 fxg6 14. Ne6 Qe8
15. Nxg7 Kxg7 16. Bh6+ Kg8 17. Bxf8 Nxf3 18. Qe3 Qxf8 19. Qxf3 Qf7 20. g5 Nxe4
21. Qxf7+ Kxf7 22. Nxe4 Bxe4 23. Rxh7+ Ke6 24. Bh3+ Bf5 25. Re1+ Kd7 26. Rexe7+
Kc6 27. Bg2+ d5 28. c4 Rc8 29. Bxd5+ Kd6 30. Rhf7 b5 31. b3 a5 32. Ra7 a4 33.
Rxf5 gxf5 34. g6 axb3 35. axb3 bxc4 36. bxc4 f4 37. g7 Ke5 38. g8=Q Rxg8 39.
Bxg8 Kd4 40. Rf7 Kxc4 41. Rxf4+ Kd3 42. Kd1 Ke3 43. Rf1 Kd4 44. Kd2 Ke5 45. Ke3
Kd6 46. Kd4 Kc6 47. Rb1 Kd6 48. Rb6+ Ke7 49. Ke5 Kf8 50. Kf6 Ke8 51. Rd6 Kf8
52. Rd8# 1-0

[Event "4NCL Online Division 4"]
[Site "online"]
[Date "2020.05.05"]
[Round "5.64"]
[White "Marchettini, Cristiano"]
[Black "Pattni, Kishan"]
[Result "1/2-1/2"]
[WhiteElo "1382"]
[BlackElo "1757"]
[PlyCount "90"]
[EventDate "2020.05.05"]
[WhiteTeam "Catford Cosmonauts 3"]
[BlackTeam "Hatch End A"]

1. d4 Nf6 2. Bf4 e6 3. e3 b6 4. c3 Bb7 5. Nf3 d5 6. Nbd2 h6 7. Bd3 Bd6 8. Bg3
O-O 9. Ne5 Nbd7 10. Qf3 Rc8 11. O-O-O Qe7 12. h4 c5 13. Nxd7 Nxd7 14. Bxd6 Qxd6
15. g4 cxd4 16. exd4 e5 17. Qe3 Rfe8 18. Qg3 Qc7 19. Rde1 e4 20. Qxc7 Rxc7 21.
Be2 Rec8 22. g5 Kh7 23. gxh6 gxh6 24. Nf1 Rg8 25. Ng3 Bc8 26. Nf5 Nf6 27. Ne3
h5 28. f3 Be6 29. fxe4 dxe4 30. Rhg1 Rxg1 31. Rxg1 Bxa2 32. Nf5 Be6 33. Nd6 Rd7
34. Nc4 Bg4 35. Kd2 Bxe2 36. Kxe2 Ng4 37. Ne3 f5 38. Nxf5 Rf7 39. Ne3 Rf2+ 40.
Ke1 Rxb2 41. Nxg4 hxg4 42. Rxg4 Rc2 43. Rxe4 Rxc3 44. Re7+ Kh6 45. Rxa7 Rc4
1/2-1/2

[Event "4NCL Online Division 4"]
[Site "online"]
[Date "2020.05.05"]
[Round "5.71"]
[White "Clissold, Ben S"]
[Black "Jennings, Richard"]
[Result "1-0"]
[WhiteElo "2135"]
[BlackElo "1872"]
[PlyCount "101"]
[EventDate "2020.05.05"]
[WhiteTeam "Manchester Juniors A"]
[BlackTeam "Bon Accord B"]

1. e4 e5 2. Nf3 Nf6 3. Nxe5 d6 4. Nf3 Nxe4 5. d4 d5 6. Bd3 Be7 7. O-O Nc6 8. c4
Nb4 9. Bxe4 dxe4 10. Ne5 O-O 11. a3 f6 12. Ng4 Nd3 13. Nc3 f5 14. Ne3 c6 15. d5
Bd6 16. b4 Qh4 17. g3 Qh3 18. f4 g5 19. Ng2 a5 20. c5 axb4 21. cxd6 bxc3 22.
dxc6 bxc6 23. Qb3+ Rf7 24. Qxc3 g4 25. Nh4 c5 26. Bb2 Nxb2 27. Qxb2 Ba6 28.
Rfb1 Bd3 29. Rd1 c4 30. a4 e3 31. Qd4 e2 32. Rxd3 cxd3 33. Qxd3 Rxa4 34. Re1
Rxf4 35. Qxe2 Re4 36. Qd2 Ra7 37. Qg5+ Rg7 38. Qd8+ Kf7 39. Rxe4 fxe4 40. d7
Rg8 41. Qxg8+ Kxg8 42. d8=Q+ Kf7 43. Qd5+ Kg7 44. Qxe4 Kh6 45. Qe6+ Kg5 46.
Qe7+ Kh6 47. Qf6+ Kh5 48. Qg7 Qxh4 49. Qxh7+ Kg5 50. Qxh4+ Kf5 51. Qh5+ 1-0

[Event "4NCL Online Division 4"]
[Site "online"]
[Date "2020.05.05"]
[Round "5.72"]
[White "Vasiliadis, Theodoros"]
[Black "Parry, Samuel"]
[Result "1-0"]
[WhiteElo "1820"]
[BlackElo "1812"]
[PlyCount "79"]
[EventDate "2020.05.05"]
[WhiteTeam "Bon Accord B"]
[BlackTeam "Manchester Juniors A"]

1. e4 c5 2. Nf3 d6 3. Bb5+ Nc6 4. O-O Nf6 5. Re1 Bd7 6. c3 a6 7. Bf1 Bg4 8. d3
g6 9. h3 Bxf3 10. Qxf3 Bg7 11. Na3 b5 12. Nc2 Nd7 13. a4 O-O 14. Be3 Qb6 15. d4
cxd4 16. cxd4 Nxd4 17. Qd1 e5 18. a5 Qa7 19. Nb4 Qb7 20. Nd5 Nc5 21. f3 Nce6
22. Nb6 Rad8 23. Rc1 f5 24. Bd3 f4 25. Bd2 Qe7 26. Bb1 Kh8 27. Ba2 Qh4 28. Bxe6
Nxe6 29. Bb4 Qe7 30. Qd3 Nc5 31. Qd5 Rf7 32. Red1 Nb7 33. Rc6 Bf8 34. Nc8 Qd7
35. Nxd6 Bxd6 36. Bxd6 Rf6 37. Bxe5 Qxc6 38. Qxc6 Rxd1+ 39. Kf2 Rdd6 40. Bxf6+
1-0

[Event "4NCL Online Division 4"]
[Site "online"]
[Date "2020.05.05"]
[Round "5.73"]
[White "Gardiner, Ethan"]
[Black "Brennan, J Ross"]
[Result "1/2-1/2"]
[WhiteElo "1795"]
[BlackElo "1706"]
[PlyCount "33"]
[EventDate "2020.05.05"]
[WhiteTeam "Manchester Juniors A"]
[BlackTeam "Bon Accord B"]

1. e4 e6 2. d4 d5 3. Nc3 dxe4 4. Nxe4 Bd7 5. Nf3 Bc6 6. Bd3 Nd7 7. c3 Ngf6 8.
Ng3 Be7 9. O-O O-O 10. Re1 b6 11. Qe2 Bb7 12. Nf5 Bd6 13. Nxd6 cxd6 14. Bf4 d5
15. h3 Re8 16. Rad1 Qc8 17. Qc2 1/2-1/2

[Event "4NCL Online Division 4"]
[Site "online"]
[Date "2020.05.05"]
[Round "5.74"]
[White "McLeod, Alisdair"]
[Black "Clissold, Julian"]
[Result "1-0"]
[WhiteElo "1421"]
[BlackElo "1795"]
[PlyCount "45"]
[EventDate "2020.05.05"]
[WhiteTeam "Bon Accord B"]
[BlackTeam "Manchester Juniors A"]

1. e4 e6 2. d4 d5 3. Nc3 dxe4 4. Nxe4 Bd7 5. Nf3 Bc6 6. Bd3 Nd7 7. Qe2 Ngf6 8.
Nxf6+ Nxf6 9. c3 h6 10. Bf4 Bd6 11. Ne5 Nd5 12. Bd2 Bxe5 13. dxe5 Qe7 14. Bb5
Qc5 15. Bxc6+ Qxc6 16. Qg4 g6 17. Qh4 h5 18. c4 Ne7 19. O-O-O Nf5 20. Qf6 Rg8
21. Bg5 Qxc4+ 22. Kb1 Kf8 23. Rd7 1-0

[Event "4NCL Online Division 4"]
[Site "online"]
[Date "2020.05.05"]
[Round "5.81"]
[White "Zakarian, Dimitrios Levon"]
[Black "Keenan, Brendan"]
[Result "1-0"]
[WhiteElo "1877"]
[BlackElo "1930"]
[PlyCount "115"]
[EventDate "2020.05.05"]
[WhiteTeam "Oxford 3"]
[BlackTeam "Kent KJCA Kestrels C"]

1. d4 c6 2. Nf3 d5 3. c4 Nf6 4. Qc2 g6 5. Bf4 Bf5 6. Qb3 Qb6 7. e3 Bg7 8. Nc3
O-O 9. c5 Qxb3 10. axb3 Nbd7 11. h3 Rfe8 12. b4 Ne4 13. g4 Nxc3 14. gxf5 Ne4
15. fxg6 fxg6 16. Bd3 e5 17. dxe5 Nxe5 18. Nxe5 Bxe5 19. Bxe5 Rxe5 20. Ke2 a6
21. Rhg1 Rf8 22. f4 Rh5 23. Bxe4 dxe4 24. Rg3 Rd8 25. Rd1 Rhd5 26. Rgg1 Kf7 27.
Rxd5 Rxd5 28. Rd1 Ke6 29. b3 Kf5 30. Rxd5+ cxd5 31. Kd2 g5 32. fxg5 Kxg5 33.
Kc3 Kf5 34. Kd4 Ke6 35. h4 h5 36. b5 axb5 37. b4 Kf5 38. Kxd5 Kg4 39. Kxe4 Kxh4
40. Kf4 Kh3 41. e4 h4 42. e5 Kg2 43. e6 h3 44. e7 h2 45. e8=Q h1=Q 46. Qe4+ Kh2
47. Qxh1+ Kxh1 48. Ke5 Kg2 49. Kd6 Kf3 50. Kc7 Ke4 51. Kxb7 Kd4 52. c6 Kc4 53.
c7 Kxb4 54. c8=Q Ka4 55. Qc1 b4 56. Qb2 b3 57. Kc6 Kb4 58. Kd5 1-0

[Event "4NCL Online Division 4"]
[Site "online"]
[Date "2020.05.05"]
[Round "5.82"]
[White "Cook, John"]
[Black "Finn, Chris"]
[Result "0-1"]
[WhiteElo "1815"]
[BlackElo "1877"]
[PlyCount "54"]
[EventDate "2020.05.05"]
[WhiteTeam "Kent KJCA Kestrels C"]
[BlackTeam "Oxford 3"]

1. c4 e6 2. g3 d5 3. Bg2 Nf6 4. Nf3 Be7 5. O-O O-O 6. d4 b6 7. Qc2 Bb7 8. b3 c5
9. Rd1 Nbd7 10. Nc3 dxc4 11. dxc5 cxb3 12. axb3 Bxc5 13. Bg5 Qc8 14. Qb2 a5 15.
Rac1 h6 16. Bf4 Nd5 17. Bd2 N7f6 18. e4 Nxc3 19. Bxc3 Nxe4 20. Bxg7 Nxf2 21.
Bd4 Nxd1 22. Rxd1 Bxd4+ 23. Qxd4 Qc5 24. Qxc5 bxc5 25. Rc1 Bxf3 26. Bxf3 Rac8
27. Rc4 Rfd8 0-1

[Event "4NCL Online Division 4"]
[Site "online"]
[Date "2020.05.05"]
[Round "5.83"]
[White "Hobson, Kenneth"]
[Black "Verma, Shlok"]
[Result "1-0"]
[WhiteElo "1825"]
[BlackElo "1722"]
[PlyCount "93"]
[EventDate "2020.05.05"]
[WhiteTeam "Oxford 3"]
[BlackTeam "Kent KJCA Kestrels C"]

1. e4 e6 2. d4 d5 3. Nc3 Nf6 4. Bg5 Bb4 5. e5 h6 6. exf6 hxg5 7. fxg7 Rg8 8.
Nf3 Qf6 9. Bd3 c5 10. Bb5+ Bd7 11. Bxd7+ Nxd7 12. a3 Bxc3+ 13. bxc3 g4 14. Ng1
Qxg7 15. Qd3 Rc8 16. Ne2 Qg6 17. Rb1 cxd4 18. Qxg6 Rxg6 19. Rxb7 d3 20. cxd3
Nc5 21. Rxa7 Nxd3+ 22. Kd2 Nxf2 23. Rf1 Ne4+ 24. Kc2 f5 25. a4 Nxc3 26. Nxc3 d4
27. Rb1 dxc3 28. Rh7 Kf8 29. a5 Kg8 30. Rbb7 e5 31. Rhd7 f4 32. a6 g3 33. h4
Rxa6 34. Rg7+ Kf8 35. Rgf7+ Kg8 36. Rg7+ Kh8 37. Rh7+ Kg8 38. Rbg7+ Kf8 39.
Rf7+ Ke8 40. Rb7 Rf6 41. h5 f3 42. h6 Ra8 43. Rh8+ Rf8 44. Rxf8+ Kxf8 45. h7
Ra2+ 46. Kxc3 Ra3+ 47. Kb2 1-0

[Event "4NCL Online Division 4"]
[Site "online"]
[Date "2020.05.05"]
[Round "5.84"]
[White "Metcalfe, Charlie P"]
[Black "Bush, Ian"]
[Result "0-1"]
[WhiteElo "1797"]
[BlackElo "1870"]
[PlyCount "126"]
[EventDate "2020.05.05"]
[WhiteTeam "Kent KJCA Kestrels C"]
[BlackTeam "Oxford 3"]

1. d4 Nf6 2. c4 c5 3. d5 e6 4. Nc3 exd5 5. cxd5 d6 6. Nf3 g6 7. Bf4 a6 8. a4
Bg7 9. h3 O-O 10. e3 Nbd7 11. Bxd6 Re8 12. Bf4 Nb6 13. d6 Ne4 14. Qc2 Nxc3 15.
bxc3 Nd5 16. O-O-O Nxc3 17. Bg5 f6 18. Qxc3 fxg5 19. Qxc5 Bd7 20. Bc4+ Kf8 21.
Nxg5 Re5 22. Nxh7+ Ke8 23. Rd5 Re4 24. Bd3 Rc8 25. Bxe4 Rxc5+ 26. Rxc5 Qb6 27.
Bxg6+ Kd8 28. Rc2 Bxa4 29. Rd2 Qc5+ 30. Bc2 Qa3+ 31. Kd1 Qa1+ 32. Ke2 Bb5+ 33.
Kf3 Qxh1 34. Rd1 Qh2 35. Ng5 Bc6+ 36. e4 Bf6 37. Ne6+ Kd7 38. Nc5+ Kd8 39. Ne6+
Ke8 40. Nf4 Bg5 41. g3 Bxf4 42. gxf4 Qxh3+ 43. Ke2 Qe6 44. f5 Qc4+ 45. Bd3 Qc5
46. Bb1 Qe5 47. Kf3 Qxf5+ 48. Ke2 Qe5 49. f3 Kd7 50. Rd2 a5 51. Ke3 Qc3+ 52.
Ke2 a4 53. f4 a3 54. Ba2 Bb5+ 55. Kd1 Qf3+ 56. Kc1 Qxe4 57. Bd5 Qe1+ 58. Kc2
Ba4+ 59. Kc3 Qc1+ 60. Kd3 Bb5+ 61. Ke3 Qc5+ 62. Rd4 Qc1+ 63. Rd2 Qe1+ 0-1

[Event "4NCL Online Division 4"]
[Site "online"]
[Date "2020.05.05"]
[Round "5.91"]
[White "Bozinakis, Pavlos"]
[Black "Kolani, Arjun"]
[Result "1-0"]
[WhiteElo "2216"]
[BlackElo "1937"]
[PlyCount "105"]
[EventDate "2020.05.05"]
[WhiteTeam "Phones Pals"]
[BlackTeam "Battersea Howitzers"]

1. d4 Nf6 2. c4 g6 3. Nc3 d5 4. Nf3 Bg7 5. e3 O-O 6. Be2 dxc4 7. Bxc4 c5 8. O-O
Bg4 9. h3 Bxf3 10. Qxf3 cxd4 11. exd4 Qxd4 12. Qxb7 Nbd7 13. Bb3 Rab8 14. Be3
Rxb7 15. Bxd4 Nb6 16. Rfe1 Rd8 17. Rad1 Rbd7 18. Bc5 e6 19. Rxd7 Rxd7 20. Nb5
a6 21. Bxb6 axb5 22. Rc1 h5 23. Rc8+ Kh7 24. Rc5 Rb7 25. Ba5 Ne4 26. Rc2 Rd7
27. Re2 Nc5 28. Bc2 Rd5 29. b3 Bf6 30. Kf1 Kg7 31. Rd2 Bd4 32. Rxd4 Rxd4 33.
Bc3 e5 34. Bxd4 exd4 35. b4 Nb7 36. Ke2 Kf6 37. f4 Nd8 38. Bd3 Ne6 39. Kf3 g5
40. fxg5+ Ke5 41. h4 Nc7 42. a3 Nd5 43. Bxb5 Nc3 44. Bd3 Nd5 45. Bc4 Ne3 46.
Bxf7 Nf5 47. g3 d3 48. Bg6 d2 49. Ke2 Nxg3+ 50. Kxd2 Kd5 51. Ke3 Nf1+ 52. Ke2
Ng3+ 53. Kf2 1-0

[Event "4NCL Online Division 4"]
[Site "online"]
[Date "2020.05.05"]
[Round "5.92"]
[White "Dupuis, Denis K"]
[Black "Shah, Dipen"]
[Result "1-0"]
[WhiteElo "1870"]
[BlackElo "1501"]
[PlyCount "47"]
[EventDate "2020.05.05"]
[WhiteTeam "Battersea Howitzers"]
[BlackTeam "Phones Pals"]

1. e4 b6 2. d4 Bb7 3. Nc3 d6 4. f4 Nd7 5. Nf3 Ngf6 6. Bc4 e6 7. Qe2 Be7 8. O-O
O-O 9. Bd2 h6 10. Rae1 Re8 11. Qf2 Nh7 12. Qg3 Ndf8 13. f5 Bg5 14. Nxg5 Nxg5
15. h4 Nxe4 16. Nxe4 Kh7 17. Nc3 Qf6 18. Qg4 e5 19. dxe5 dxe5 20. Ne4 Qc6 21.
f6 g5 22. Nxg5+ hxg5 23. Qh5+ Kg8 24. Bxf7# 1-0

[Event "4NCL Online Division 4"]
[Site "online"]
[Date "2020.05.05"]
[Round "5.93"]
[White "Narang, Vishal"]
[Black "Mellor, Jessica"]
[Result "1-0"]
[WhiteElo "1487"]
[BlackElo "1870"]
[PlyCount "49"]
[EventDate "2020.05.05"]
[WhiteTeam "Phones Pals"]
[BlackTeam "Battersea Howitzers"]

1. d4 Nf6 2. Nf3 g6 3. Bf4 Bg7 4. Nbd2 d5 5. h3 O-O 6. e3 b6 7. c3 Bb7 8. Be2
c5 9. Nh2 Nc6 10. Ng4 Ne4 11. Nxe4 dxe4 12. Bc4 cxd4 13. cxd4 Na5 14. Bb3 Nxb3
15. Qxb3 Bd5 16. Qd1 f5 17. Ne5 Bxe5 18. Bxe5 Bc4 19. h4 h6 20. Qa4 Bd3 21. Qc6
Qe8 22. Rc1 Rc8 23. Qe6+ Qf7 24. Qxc8 Rxc8 25. Rxc8+ 1-0

[Event "4NCL Online Division 4"]
[Site "online"]
[Date "2020.05.05"]
[Round "5.94"]
[White "Steiners, Emils"]
[Black "Sharan, Kartike"]
[Result "1-0"]
[WhiteElo "1405"]
[BlackElo "1140"]
[PlyCount "87"]
[EventDate "2020.05.05"]
[WhiteTeam "Battersea Howitzers"]
[BlackTeam "Phones Pals"]

1. d4 d5 2. c4 c6 3. Nc3 Nf6 4. Nf3 Bf5 5. cxd5 cxd5 6. Bf4 Nc6 7. a3 e6 8. e3
a6 9. Be2 Be7 10. O-O O-O 11. Rc1 Nh5 12. Bg3 Nxg3 13. fxg3 Bg5 14. Qd2 Bh6 15.
Nh4 Re8 16. Rce1 Bg6 17. Nxg6 fxg6 18. Bd3 e5 19. dxe5 Rxe5 20. Qf2 Qe8 21. Nd1
Qe7 22. Re2 Re8 23. b4 Bxe3 24. Nxe3 Rxe3 25. Rxe3 Qxe3 26. Qxe3 Rxe3 27. Rd1
Ne5 28. Bf1 Rxa3 29. Rxd5 Nc6 30. Bc4 Kf8 31. Rd7 Ne5 32. Rd8+ Ke7 33. Rc8 Kd7
34. Rc5 Nxc4 35. Rxc4 Ra4 36. Rf4 Ke6 37. Re4+ Kf6 38. Rf4+ Kg5 39. h4+ Kh5 40.
Kh2 a5 41. Kh3 Rxb4 42. g4+ Kh6 43. g5+ Kh5 44. g4# 1-0

[Event "4NCL Online Division 4"]
[Site "online"]
[Date "2020.05.05"]
[Round "5.101"]
[White "Tarr, Steve F"]
[Black "McCarthy, Maurice"]
[Result "0-1"]
[WhiteElo "1817"]
[BlackElo "1978"]
[PlyCount "42"]
[EventDate "2020.05.05"]
[WhiteTeam "Shropshire 3"]
[BlackTeam "Morriston Alekhine"]

1. d4 Nf6 2. Bf4 g6 3. Nc3 d6 4. e4 c6 5. h4 b5 6. a3 Nbd7 7. Nf3 Nb6 8. d5
cxd5 9. Bxb5+ Bd7 10. Bxd7+ Qxd7 11. exd5 Bg7 12. O-O O-O 13. Re1 Rac8 14. Qd2
Nc4 15. Qc1 Nxb2 16. Qxb2 Nxd5 17. Ne5 dxe5 18. Nxd5 exf4 19. Nxe7+ Kh8 20. Qc1
Rce8 21. Qd1 Rxe7 0-1

[Event "4NCL Online Division 4"]
[Site "online"]
[Date "2020.05.05"]
[Round "5.102"]
[White "Howells, Chris"]
[Black "Smith, Mark"]
[Result "1-0"]
[WhiteElo "1767"]
[BlackElo "1832"]
[PlyCount "159"]
[EventDate "2020.05.05"]
[WhiteTeam "Morriston Alekhine"]
[BlackTeam "Shropshire 3"]

1. d4 Nf6 2. c4 g6 3. Nc3 d5 4. Nf3 Bg7 5. Bg5 Ne4 6. cxd5 Nxg5 7. Nxg5 e6 8.
Nf3 exd5 9. e3 O-O 10. Be2 b6 11. O-O Bb7 12. b4 c5 13. bxc5 bxc5 14. Qb3 Qb6
15. Na4 Qxb3 16. axb3 cxd4 17. Nxd4 Nc6 18. Rfd1 Nxd4 19. exd4 Rfe8 20. Bf3 f5
21. Nc5 Bc6 22. Ra6 Bb5 23. Bxd5+ Kh8 24. Bxa8 Bxa6 25. Nxa6 Rxa8 26. Nc5 Kg8
27. Kf1 Kf7 28. Ke2 Rc8 29. Na4 Rb8 30. Rd3 Rb4 31. Ke3 Ke7 32. Nc3 Kd6 33. Ne2
g5 34. g4 fxg4 35. Ke4 Ke6 36. Ng3 a5 37. Nf5 Bf6 38. Nh6 a4 39. bxa4 Rxa4 40.
Nxg4 Bg7 41. Ne3 h5 42. h3 Bf6 43. Nf5 Ra5 44. d5+ Kd7 45. Ng3 h4 46. Nh5 Be7
47. Kf5 Kd6 48. Nf6 Ra2 49. Ne4+ Kd7 50. Ke5 Re2 51. d6 Bd8 52. Kf5 Ra2 53. Kg4
Ra4 54. f3 Bb6 55. Kxg5 Bd8+ 56. Kf5 Ra5+ 57. Kg4 Re5 58. Rd4 Re6 59. f4 Bb6
60. Rd3 Rxe4 61. Kf3 Re6 62. f5 Rxd6 63. Rb3 Rf6 64. Kg4 Bf2 65. Rf3 Bg3 66.
Kg5 Rf7 67. Kg6 Ke7 68. Re3+ Kf8 69. f6 Bf2 70. Rb3 Bg3 71. Rc3 Rc7 72. Ra3 Rc8
73. Ra7 Be5 74. Rf7+ Ke8 75. Re7+ Kf8 76. Rxe5 Rc3 77. Rh5 Ke8 78. f7+ Kd7 79.
f8=Q Rg3+ 80. Rg5 1-0

[Event "4NCL Online Division 4"]
[Site "online"]
[Date "2020.05.05"]
[Round "5.103"]
[White "Walker, Kate"]
[Black "Williams, Duncan"]
[Result "1-0"]
[WhiteElo "1705"]
[BlackElo "1847"]
[PlyCount "77"]
[EventDate "2020.05.05"]
[WhiteTeam "Shropshire 3"]
[BlackTeam "Morriston Alekhine"]

1. d4 d5 2. c4 e6 3. Nc3 c6 4. e3 f5 5. Bd3 Nf6 6. f4 Ne4 7. Nf3 Be7 8. O-O O-O
9. Bd2 Nd7 10. c5 b6 11. b4 Bb7 12. Ne5 a5 13. Bxe4 fxe4 14. Nxd7 Qxd7 15. Na4
Bd8 16. cxb6 axb4 17. Bxb4 Rf6 18. Qc2 Qf7 19. Bc5 Ba6 20. Rf2 Bd3 21. Qb3 Bc4
22. Qd1 g5 23. Nb2 Ba6 24. Qg4 h6 25. a4 h5 26. Qxg5+ Rg6 27. Qe5 Bh4 28. Rc2
Kh7 29. Qxh5+ Kg7 30. Qxh4 Rh8 31. Qe7 Rgh6 32. Qxf7+ Kxf7 33. h3 Rg8 34. Kh2
Rhg6 35. a5 Rg3 36. Re1 Bb5 37. Bd6 Ba6 38. Na4 Bd3 39. Rb2 1-0

[Event "4NCL Online Division 4"]
[Site "online"]
[Date "2020.05.05"]
[Round "5.104"]
[White "Jones, Huw"]
[Black "Podlesak, Mark"]
[Result "0-1"]
[WhiteElo "1617"]
[BlackElo "1675"]
[PlyCount "46"]
[EventDate "2020.05.05"]
[WhiteTeam "Morriston Alekhine"]
[BlackTeam "Shropshire 3"]

1. d4 Nf6 2. Nf3 c5 3. d5 e6 4. c4 b5 5. Bg5 exd5 6. cxd5 d6 7. Nc3 b4 8. Ne4
Be7 9. Bxf6 Bxf6 10. Qc2 O-O 11. e3 Re8 12. Bd3 h6 13. h3 Bb7 14. Nxf6+ Qxf6
15. Bb5 Re7 16. Rd1 a6 17. Bc4 Nd7 18. O-O Rae8 19. b3 Ne5 20. Nxe5 Rxe5 21.
Qd3 Bc8 22. Bxa6 Bxh3 23. g3 Qf3 0-1

[Event "4NCL Online Division 4"]
[Site "online"]
[Date "2020.05.05"]
[Round "5.111"]
[White "Sheard, Jack"]
[Black "Williams, Philip J"]
[Result "1-0"]
[WhiteElo "1870"]
[BlackElo "1855"]
[PlyCount "75"]
[EventDate "2020.05.05"]
[WhiteTeam "Surbiton 3"]
[BlackTeam "Camborne & Redruth"]

1. Nf3 Nf6 2. c4 c5 3. b3 Nc6 4. Bb2 e6 5. g3 Be7 6. Bg2 O-O 7. O-O d5 8. e3
Qc7 9. Nc3 a6 10. d4 Rd8 11. Qe2 b6 12. cxd5 exd5 13. Rac1 Qa7 14. Ne5 Bb7 15.
Rfd1 Rac8 16. Nf3 Nb8 17. Ne5 Nbd7 18. Nxd7 Rxd7 19. Bh3 Rcd8 20. Bxd7 Rxd7 21.
Na4 Bc6 22. dxc5 bxc5 23. Nc3 d4 24. exd4 cxd4 25. Na4 Bb5 26. Rc8+ Rd8 27.
Rxd8+ Bxd8 28. Qe1 d3 29. Nc3 Ba5 30. Nxb5 d2 31. Rxd2 axb5 32. b4 Bb6 33. Qd1
Qe7 34. Bd4 Bc7 35. Bc5 Qe8 36. Re2 Qc8 37. Re7 h6 38. Qb3 1-0

[Event "4NCL Online Division 4"]
[Site "online"]
[Date "2020.05.05"]
[Round "5.112"]
[White "Gill, Percy TP"]
[Black "Voiculescu-Holvad, Stefan"]
[Result "1/2-1/2"]
[WhiteElo "1810"]
[BlackElo "1772"]
[PlyCount "97"]
[EventDate "2020.05.05"]
[WhiteTeam "Camborne & Redruth"]
[BlackTeam "Surbiton 3"]

1. d4 Nf6 2. c4 d6 3. Nc3 g6 4. e4 Bg7 5. h3 O-O 6. Bd3 e5 7. d5 Nbd7 8. Nf3
Nc5 9. Bc2 a5 10. O-O h6 11. Be3 b6 12. a3 Ne8 13. b4 Nb7 14. Qd2 Kh7 15. Rfd1
f5 16. exf5 gxf5 17. Rab1 Qf6 18. Ne2 Kh8 19. Qc1 f4 20. Bd2 Bf5 21. Nc3 Qe7
22. Bxf5 Rxf5 23. Qc2 Rf7 24. Re1 Bf6 25. Bxf4 Qf8 26. Bd2 Qg7 27. Qc1 Kh7 28.
Ne4 Be7 29. Kh2 Nf6 30. Nxf6+ Rxf6 31. Qc2+ Kh8 32. Be3 Rg6 33. Rg1 Rg8 34. g3
Qf7 35. Nd2 Bg5 36. Rbf1 h5 37. h4 Be7 38. Ne4 Qf3 39. Bg5 Bxg5 40. Nxg5 Qg4
41. Qd1 Qxd1 42. Rxd1 Rf8 43. Kg2 Rgf6 44. Rgf1 Kg8 45. Ne6 R8f7 46. Ng5 Rf8
47. Ne6 R8f7 48. Ng5 Rf8 49. Ne6 1/2-1/2

[Event "4NCL Online Division 4"]
[Site "online"]
[Date "2020.05.05"]
[Round "5.113"]
[White "Ratnesan, Radha"]
[Black "Smith, Richard AL"]
[Result "1-0"]
[WhiteElo "1682"]
[BlackElo "1787"]
[PlyCount "79"]
[EventDate "2020.05.05"]
[WhiteTeam "Surbiton 3"]
[BlackTeam "Camborne & Redruth"]

1. d4 e5 2. dxe5 Nc6 3. Nf3 Qe7 4. Bf4 Qb4+ 5. Bd2 Qxb2 6. Nc3 Bb4 7. Rb1 Qa3
8. Nd5 Bxd2+ 9. Qxd2 Qxa2 10. Rd1 Kd8 11. Ng5 Nh6 12. e6 d6 13. exf7 Qa5 14.
Qxa5 Nxa5 15. e4 c6 16. Nc3 Ke7 17. Be2 Be6 18. Nxe6 Kxe6 19. O-O Rhf8 20. Rd2
Rxf7 21. Rfd1 Rd8 22. Ra1 b6 23. Na2 Kd7 24. Rad1 Kc7 25. e5 d5 26. c4 Nb3 27.
Rb2 Nc5 28. cxd5 cxd5 29. Nb4 Rfd7 30. Rbd2 d4 31. Bb5 Rf7 32. Rxd4 Rxd4 33.
Rxd4 Rf8 34. Nd3 Nf5 35. Rf4 a6 36. Nxc5 bxc5 37. Bxa6 Rd8 38. Rxf5 Rd1+ 39.
Bf1 c4 40. Rf3 1-0

[Event "4NCL Online Division 4"]
[Site "online"]
[Date "2020.05.05"]
[Round "5.114"]
[White "Humpleby, Richard"]
[Black "Subin, Samvrit"]
[Result "0-1"]
[WhiteElo "1555"]
[BlackElo "1652"]
[PlyCount "112"]
[EventDate "2020.05.05"]
[WhiteTeam "Camborne & Redruth"]
[BlackTeam "Surbiton 3"]

1. e4 c5 2. Nf3 d6 3. Bc4 Nf6 4. Nc3 e6 5. a3 a6 6. d3 b5 7. Ba2 Be7 8. O-O O-O
9. Ne2 Bb7 10. Nf4 Qd7 11. Ng5 d5 12. e5 Ne8 13. Nf3 Nc6 14. c3 Nc7 15. d4 c4
16. Nh5 Ne8 17. Bb1 f6 18. Qc2 f5 19. Bf4 a5 20. Bg5 g6 21. Nf4 Bxg5 22. Nxg5
Ng7 23. Qe2 Qe7 24. Nf3 b4 25. Qd2 bxc3 26. bxc3 a4 27. Nh3 Na5 28. Qh6 Nb3 29.
Nhg5 Nh5 30. Ra2 Qg7 31. Qxg7+ Nxg7 32. Bc2 Ba6 33. Rd1 h6 34. Nh3 g5 35. Nd2
Nh5 36. f3 Kg7 37. g4 fxg4 38. fxg4 Nf4 39. Nxf4 Rxf4 40. h3 Raf8 41. Bxb3 cxb3
42. Rb2 Be2 43. Re1 Bd3 44. Re3 Bc2 45. Re2 Bd3 46. Re3 Bc2 47. Re2 Rc8 48. Re3
Rf7 49. Nf1 Rfc7 50. Ng3 Rxc3 51. Rxc3 Rxc3 52. Nh5+ Kg6 53. Kh2 Be4 54. Rf2
Rc2 55. Kg1 Rxf2 56. Kxf2 b2 0-1

[Event "4NCL Online Division 4"]
[Site "online"]
[Date "2020.05.05"]
[Round "5.121"]
[White "Gurner, Jem"]
[Black "Boumphrey, Luke S"]
[Result "1-0"]
[WhiteElo "1975"]
[BlackElo "2020"]
[PlyCount "77"]
[EventDate "2020.05.05"]
[WhiteTeam "To Be Decided"]
[BlackTeam "Atticus B"]

1. d4 Nf6 2. c4 g6 3. Nc3 Bg7 4. e4 d6 5. Be2 O-O 6. Be3 c5 7. e5 dxe5 8. dxe5
Qxd1+ 9. Rxd1 Ng4 10. Bxc5 Bxe5 11. Nf3 Bxc3+ 12. bxc3 Nc6 13. O-O b6 14. Ba3
Ba6 15. Nd4 Nge5 16. Nb5 Rad8 17. f4 Nd7 18. Bf3 Ndb8 19. Rfe1 Rxd1 20. Rxd1
Na5 21. Bxe7 Re8 22. Bb4 Nxc4 23. Nc7 Rc8 24. Nxa6 Nxa6 25. Bb7 Nxb4 26. Bxc8
Nxa2 27. Ba6 Na5 28. Rd3 Kg7 29. Kf2 Nb3 30. Rd7 Nc5 31. Rxa7 Nxa6 32. Rxa6
Nxc3 33. Kf3 b5 34. Rb6 f5 35. Rb7+ Kh6 36. h3 g5 37. Rb6+ Kg7 38. fxg5 f4 39.
h4 1-0

[Event "4NCL Online Division 4"]
[Site "online"]
[Date "2020.05.05"]
[Round "5.122"]
[White "Banerjee, Sanjoy K"]
[Black "Chadha, Sambhav"]
[Result "0-1"]
[WhiteElo "1720"]
[BlackElo "1706"]
[PlyCount "54"]
[EventDate "2020.05.05"]
[WhiteTeam "Atticus B"]
[BlackTeam "To Be Decided"]

1. e4 c5 2. Nf3 d6 3. d4 cxd4 4. Nxd4 Nf6 5. Nc3 g6 6. Be3 Bg7 7. f3 O-O 8. Qd2
Nc6 9. Bc4 Bd7 10. O-O-O Rc8 11. Bb3 Nxd4 12. Bxd4 b5 13. Bxa7 b4 14. Nd5 Nxd5
15. Qxd5 Be6 16. Qd3 Qa5 17. Be3 Ra8 18. Bxe6 fxe6 19. Qb3 Qxa2 20. Qxa2 Rxa2
21. Bd4 Bxd4 22. Kb1 Rxb2+ 23. Kc1 Bc3 24. Rd3 Ra8 25. Kd1 Ra1+ 26. Ke2 Rxc2+
27. Ke3 Rxh1 0-1